<?xml version="1.0" encoding="UTF-8"?>
<record
    xmlns:xsi="http://www.w3.org/2001/XMLSchema-instance"
    xsi:schemaLocation="http://www.loc.gov/MARC21/slim http://www.loc.gov/standards/marcxml/schema/MARC21slim.xsd"
    xmlns="http://www.loc.gov/MARC21/slim">

  <leader>00738nam a22001937a 4500</leader>
  <datafield tag="999" ind1=" " ind2=" ">
    <subfield code="c">173254</subfield>
    <subfield code="d">173254</subfield>
  </datafield>
  <controlfield tag="005">20200220172203.0</controlfield>
  <datafield tag="010" ind1=" " ind2=" ">
    <subfield code="a">UR-10702</subfield>
  </datafield>
  <datafield tag="020" ind1=" " ind2=" ">
    <subfield code="c">400.00</subfield>
    <subfield code="a">-</subfield>
  </datafield>
  <datafield tag="035" ind1=" " ind2=" ">
    <subfield code="a">U-9257</subfield>
  </datafield>
  <datafield tag="037" ind1=" " ind2=" ">
    <subfield code="b">DBAD/PUB</subfield>
    <subfield code="a">-</subfield>
  </datafield>
  <datafield tag="082" ind1=" " ind2=" ">
    <subfield code="a">808.882</subfield>
  </datafield>
  <datafield tag="100" ind1=" " ind2=" ">
    <subfield code="a">&#x646;&#x627; &#x631; &#x646;&#x6AF; &#x633;&#x627; &#x642;&#x6CC; </subfield>
  </datafield>
  <datafield tag="245" ind1=" " ind2=" ">
    <subfield code="a">&#x634;&#x6AF;&#x641;&#x62A;&#x6AF;&#x6CC; &#x648; &#x628;&#x631; &#x62C;&#x633;&#x62A;&#x6AF;&#x64A; &#x642;&#x644;&#x645; &#x6A9;&#x627; &#x631; &#x648; &#x6BA; &#x6A9;&#x6CC; (&#x627; &#x62F; &#x628;&#x6CC; &#x644;&#x637;&#x627; &#x621;&#x641;)</subfield>
    <subfield code="c">&#x646;&#x627; &#x631; &#x646;&#x6AF; &#x633;&#x627; &#x642;&#x6CC; </subfield>
  </datafield>
  <datafield tag="246" ind1=" " ind2=" ">
    <subfield code="b">Shaguftagi Wa Barjastagi Qalam Karon Ki (Adabi Latifey) (Urdu)</subfield>
    <subfield code="a">by Narang Saqi</subfield>
  </datafield>
  <datafield tag="260" ind1=" " ind2=" ">
    <subfield code="a">N.Delhi</subfield>
    <subfield code="b">M.R.Publications</subfield>
    <subfield code="c">2019 &#x621;</subfield>
  </datafield>
  <datafield tag="270" ind1=" " ind2=" ">
    <subfield code="a"># 10 Metropole Market,2724-25 Ist Floor Kucha Chelan.Darya Ganj,</subfield>
    <subfield code="b">N.Delhi </subfield>
    <subfield code="e">110002</subfield>
    <subfield code="k">09810784549</subfield>
    <subfield code="l">-</subfield>
  </datafield>
  <datafield tag="300" ind1=" " ind2=" ">
    <subfield code="a">360 &#x635; </subfield>
    <subfield code="c">22 Cm(Hb)</subfield>
  </datafield>
  <datafield tag="942" ind1=" " ind2=" ">
    <subfield code="2">ddc</subfield>
    <subfield code="c">UR</subfield>
    <subfield code="h">808.882</subfield>
    <subfield code="m">&#x646; &#x627; &#x631;  </subfield>
  </datafield>
  <datafield tag="952" ind1=" " ind2=" ">
    <subfield code="0">0</subfield>
    <subfield code="1">0</subfield>
    <subfield code="4">0</subfield>
    <subfield code="7">0</subfield>
    <subfield code="8">NFIC</subfield>
    <subfield code="a">L</subfield>
    <subfield code="b">L</subfield>
    <subfield code="d">2020-02-20</subfield>
    <subfield code="e">BPPD/Ven.</subfield>
    <subfield code="g">595.00</subfield>
    <subfield code="l">0</subfield>
    <subfield code="o">808.882 &#x646; &#x627; &#x631;</subfield>
    <subfield code="p">U-9257</subfield>
    <subfield code="r">2020-02-20 00:00:00</subfield>
    <subfield code="t">1</subfield>
    <subfield code="v">595.00</subfield>
    <subfield code="w">2020-02-20</subfield>
    <subfield code="y">UR</subfield>
  </datafield>
</record>
